01074nam a2200241 a 4500001001000000005001700010008004100027041000800068044000700076084002000083100004500103245009500148260003100243300001700274500018100291500011300472500001000585650005200595650005600647650003400703650004500737740005000782BRCA_263920190320203913.0011208s1880----sp-#---###---#000-0#spa-u aspa asp a190b.M69c18801 aCervantes Saavedra, Miguel ded1547-161610aEl Ingenioso Hidalgo Don Quijote de la Manchaccompuesto por Miguel de Cervantes Saavedra. aMadridbMoya y Plazac1880 a2 v.c12 cm. aContenido : v 1. Primera parte. Dedicatoria del autor. Prólogo del autor. Versos preliminares. Texto. -- v 2. Segunda parte. Dedicatoria del autor. Prólogo del autor. Texto aEjemplar igual al LO-189. Magníficamente encuadernado en piel con ilustraciones y adornos Lúdovik Osterc aQM18114aNovela españolayÉpoca clásica, 1500-170014aLiteratura españolayÉpoca clásica, 1500-170014aNovela españolaySiglo XVII14aDon Quijote (Personaje ficticio)eNovela0 aEl Ingenioso Hidalgo Don Quijote de la Mancha